Черный котел (Запис № 337953)

МАРК-запис
000 -LEADER
fixed length control field 00684nam a22002417a 4500
001 - CONTROL NUMBER
control field 51875
003 - CONTROL NUMBER IDENTIFIER
control field UA-OsUOA
005 - DATE AND TIME OF LATEST TRANSACTION
control field 20201201205924.0
007 - PHYSICAL DESCRIPTION FIXED FIELD--GENERAL INFORMATION
fixed length control field ta
008 - FIXED-LENGTH DATA ELEMENTS--GENERAL INFORMATION
fixed length control field 20080123b un ||||| |||| 00| 0 ukr d
040 ## - CATALOGING SOURCE
Original cataloging agency UA-OsUOA
Language of cataloging rus
Transcribing agency UA-OsUOA
Modifying agency UA-OsUOA
041 ## - LANGUAGE CODE
Language code of text/sound track or separate title rus
080 ## - UNIVERSAL DECIMAL CLASSIFICATION NUMBER
Universal Decimal Classification number 821.113.4
090 ## - LOCALLY ASSIGNED LC-TYPE CALL NUMBER (OCLC); LOCAL CALL NUMBER (OCLC)
Classification number (OCLC) (R) ; Classification number, CALL (RLIN) (NR) 821.113.4
Local cutter number (OCLC) ; Book number/undivided call number, CALL (RLIN) Х15
100 ## - MAIN ENTRY--PERSONAL NAME
Personal name Хайнесен В.
245 ## - TITLE STATEMENT
Title Черный котел
Remainder of title роман
260 ## - PUBLICATION, DISTRIBUTION, ETC. (IMPRINT)
Place of publication, distribution, etc Одесса
Name of publisher, distributor, etc Маяк
Date of publication, distribution, etc 1988
300 ## - PHYSICAL DESCRIPTION
Extent 264 с.
650 #7 - SUBJECT ADDED ENTRY--TOPICAL TERM
Topical term or geographic name as entry element 82 Література. Літературознавство
Source of heading or term UDC
942 ## - ADDED ENTRY ELEMENTS (KOHA)
Koha item type Книги
Source of classification or shelving scheme Universal Decimal Classification
955 ## - COPY-LEVEL INFORMATION (RLIN)
Classification number, CCAL (RLIN) Літературно-художні видання
Фонди
Withdrawn status Lost status Source of classification or shelving scheme Damaged status Not for loan Home library Current library Date acquired Source of acquisition Cost, normal purchase price Inventory number Total Checkouts Full call number Barcode Date last seen Price effective from Koha item type
    Universal Decimal Classification     АБ - Абонемент НБ АБ - Абонемент НБ 23/01/2008 9 3.00 110493   821.113.4 Х15 110493 29/04/2022 23/01/2008 Книги
    Universal Decimal Classification     АБ - Абонемент НБ АБ - Абонемент НБ 28/05/2013     9901   821.113.4 Х15 9901 29/04/2022 28/05/2013 Книги